Development has a woman's face: (Record no. 7742)

MARC details
000 -LEADER
fixed length control field 00699 a2200205 4500
010 ## - LCCN (DPL NO)
LC control number ENG-88177
020 ## - INTERNATIONAL STANDARD BOOK NUMBER
Terms of availability 995.00
International Standard Book Number 9788131302255
035 ## - SYSTEM CONTROL NUMBER
System control number EN-71710
037 ## - SOURCE OF ACQUISITION
Source of stock number/acquisition DBAD / PUB
082 14 - DEWEY DECIMAL CLASSIFICATION NUMBER
Classification number 305.4
100 ## - MAIN ENTRY--PERSONAL NAME
Personal name Ahoojapatel, Krishna
245 1# - TITLE STATEMENT
Title Development has a woman's face:
Statement of responsibility, etc by Krishna Ahoojapatel
Remainder of title insights from within the UN/
260 ## - PUBLICATION, DISTRIBUTION, ETC. (IMPRINT)
Place of publication, distribution, etc New Delhi
Name of publisher, distributor, etc A P H Publishing
Date of publication, distribution, etc 2007
270 ## - ADDRESS
Address 4435-36/7, Ansari Road, Darya Ganj,
City New Delhi
Postal code 110 002
300 ## - PHYSICAL DESCRIPTION
Extent xix, 412p.
Dimensions 22cm (Hb)
490 ## - SERIES STATEMENT
Series statement World societies in transition series-1
500 ## - GENERAL NOTE
General note Includes bibliographical references and index
700 ## - ADDED ENTRY--PERSONAL NAME
Personal name Khosla, I.P.
942 ## - ADDED ENTRY ELEMENTS (KOHA)
Institution code [OBSOLETE] dpl
Item type English Books
Source of classification or shelving scheme Dewey Decimal Classification
Classification part 305.4
Call number suffix AHO
Holdings
Withdrawn status Lost status Not for loan Collection code Home library Current library Source of acquisition Cost, normal purchase price Full call number Barcode Copy number Cost, replacement price Koha item type
    Not For Loan Non-fiction D.B.Act.Division D.B.Act.Division DBAD/PUB 995.00 305.4 AHO EN-71710 1 995.00 English Books

© Delhi Public Library
Hit Counter
free hit counter